| 000 | 00714cam a22002175a 4500 | ||
|---|---|---|---|
| 001 | 2187191 | ||
| 005 | 20180319144011.0 | ||
| 008 | 730423t1973 nyua frb 001 0 eng d | ||
| 020 | _a0060453338 | ||
| 040 |
_aDLC _cDLC _dDLC _dOCoLC _dEG-ScBUE _beng |
||
| 082 | 0 | 4 |
_a330.91732 _222 _bRAS |
| 100 | 1 | _aRasmussen, David W. | |
| 245 | 1 | 4 |
_aThe modern city : _breadings in urban economics / _cDavid W. Rasmussen, Charles T. Haworth. |
| 260 |
_aNew York : _bHarper & Row, _cc.1973. |
||
| 300 |
_ax, 302 p. : _bill. ; _c24 cm. |
||
| 504 | _aIncludes bibliographical references and index. | ||
| 650 | 7 |
_aUrban economics. _2BUEsh _917758 |
|
| 653 |
_bGGEN _bBUSECO _cMarch2018 |
||
| 700 | 1 | _aHaworth, Charles T. | |
| 942 | _2ddc | ||
| 999 |
_c26351 _d26323 |
||